SUNAHU TAT YAH ATHAK KAHANI (Record no. 20206)

MARC details
000 -LEADER
fixed length control field 00245nam a22001217a 4500
003 - CONTROL NUMBER IDENTIFIER
control field SGT
082 ## - DEWEY DECIMAL CLASSIFICATION NUMBER
Item number SHI
100 ## - MAIN ENTRY--PERSONAL NAME
Personal name SHIVANI
245 ## - TITLE STATEMENT
Title SUNAHU TAT YAH ATHAK KAHANI
260 ## - PUBLICATION, DISTRIBUTION, ETC. (IMPRINT)
Place of publication, distribution, etc DELHI
Name of publisher, distributor, etc HIND PUB.
Year of Publication 1999
300 ## - PAGE DESCRIPTION
No. of Pages 307
942 ## - ADDED ENTRY ELEMENTS (KOHA)
Source of classification or shelving scheme Dewey Decimal Classification
Koha item type Books
Holdings
Withdrawn status Lost status Source of classification or shelving scheme Damaged status Not for loan Collection code Home library Current library Shelving location Date acquired SGTU Total Checkouts Full call number Accession No. (Barcode) Date last seen Bill Date Koha item type
    Dewey Decimal Classification     MASS COMMUNICATION SGT Science & Social Sciences Library SGT Science & Social Sciences Library Text Book 09/07/2020 SGTU   SHI MC638 09/07/2020 09/07/2020 Books